00558nam a2200181Ia 4500008005200000020001800052082001700070100001700087245002300104260005800127300001800185504001900203650002700222650002700249650004400276650002800320700002800348200103s 1996 ||||xx |||||||||||||| ||und|| a9788121901321 a621.811bKHU aKhurmi, R.S. 0aTheory of machines bEurasia Publishing House (Pvt.) Ltd.c1996aNew Delhi a1007 p.: ill. aIncludes index aMechanical engineering aMachinery - Kinematics aMechanics, Applied - Statics - Dynamics aMachine theory - Motion aGupta, J. K.eCo-author